[Event "Top 12 FRA-chT 2017"]
[Site "Chartres"]
[Date "2017.05.26"]
[Round "9"]
[White "Shirazi, Kamran"]
[Black "Heinz, Timothee"]
[Result "1/2-1/2"]
[WhiteElo "2367"]
[BlackElo "2353"]
[Annotator "NA"]
[PlyCount "112"]
[EventDate "2017.??.??"]
[EventType "team-tourn"]
[EventCountry "FRA"]
[SourceTitle "playchess.com"]
[Source "ChessBase"]
[SourceQuality "1"]
[WhiteTeam "Tremblay En France"]
[BlackTeam "Strasbourg"]
[TimeControl "40/5400+30:1800+30"]

1. d4 {[%emt 0:00:21]} d5 {[%emt 0:00:07]} 2. Bg5 {[%emt 0:00:19]} Nf6 {[%emt 0:00:06]} 3. Bxf6 {[%emt 0:08:07]} exf6 {[%emt 0:00:17]} 4. e3 {[%emt 0:00:14]} c6 {[%emt 0:02:54]} 5. c4 {[%emt 0:00:18]} dxc4 {[%emt 0:00:52]} 6. Bxc4 {[%emt 0:00:05]} Bd6 {[%emt 0:01:14]} 7. Nc3 {[%emt 0:00:29]} f5 {[%emt 0:04:49]} 8. Nf3 {[%emt 0:06:09]} Nd7 {[%emt 0:01:34]} 9. a3 {[%emt 0:00:35]} Qe7 {[%emt 0:03:46]} 10. O-O {[%emt 0:00:38]} O-O {[%emt 0:00:58]} 11. Qc2 {[%emt 0:09:58]} Nf6 {[%emt 0:07:26]} 12. Bd3 {[%emt 0:07:53]} g6 {[%emt 0:00:40]} 13. Rfe1 {[%emt 0:00:06]} Be6 {[%emt 0:01:12]} 14. e4 {[%emt 0:27:33]} fxe4 {[%emt 0:00:50]} 15. Nxe4 {[%emt 0:00:03]} Nxe4 {[%emt 0:07:27]} 16. Rxe4 {[%emt 0:00:09]} Qf6 {[%emt 0:05:49]} 17. Ne5 {[%emt 0:00:48]} Rfe8 {[%emt 0:06:10]} 18. Rae1 {[%emt 0:00:37]} Re7 {[%emt 0:12:25]} 19. g3 {[%emt 0:10:15]} Bf5 {[%emt 0:12:28]} 20. R4e3 {[%emt 0:03:57]} Bxd3 {[%emt 0:00:44]} 21. Qxd3 {[%emt 0:00:29]} Qg7 {[%emt 0:06:50]} 22. Nc4 {[%emt 0:00:56]} Rxe3 {[%emt 0:00:07]} 23. Rxe3 {[%emt 0:02:01]} Bf8 {[%emt 0:00:55]} 24. Ne5 {[%emt 0:04:34]} Bd6 {[%emt 0:07:45]} 25. Nc4 {[%emt 0:02:12]} Qf6 {[%emt 0:02:15]} 26. Qb3 {[%emt 0:03:36]} b5 {[%emt 0:00:38]} 27. Rf3 {[%emt 0:01:18]} bxc4 {[%emt 0:00:22]} 28. Rxf6 {[%emt 0:00:06]} cxb3 {[%emt 0:00:02]} 29. Rxd6 {[%emt 0:00:08]} Rc8 {[%emt 0:03:21]} 30. Kf1 {[%emt 0:01:25]} Kf8 {[%emt 0:04:12]} 31. Rd7 {[%emt 0:00:05]} c5 {[%emt 0:05:27]} 32. dxc5 {[%emt 0:00:31]} Rxc5 {[%emt 0:00:02]} 33. Rb7 {[%emt 0:00:10]} a5 {[%emt 0:01:04]} 34. Rxb3 {[%emt 0:00:06]} g5 {[%emt 0:00:59]} 35. Rc3 {[%emt 0:00:48]} Rb5 {[%emt 0:00:47]} 36. b4 {[%emt 0:00:06]} Ke7 {[%emt 0:00:47]} 37. Rc4 {[%emt 0:01:34]} axb4 {[%emt 0:00:31]} 38. axb4 {[%emt 0:02:17]} Ke6 {[%emt 0:00:55]} 39. h4 {[%emt 0:01:28]} h6 {[%emt 0:00:25]} 40. Rc6+ {[%emt 0:01:49]} Ke7 {[%emt 0:30:44]} 41. Rc4 {[%emt 0:34:59]} Re5 {[%emt 0:00:00]} 42. Rc7+ {[%emt 0:00:00]} Ke8 {[%emt 0:00:00]} 43. hxg5 {[%emt 0:00:00]} hxg5 {[%emt 0:00:00]} 44. Rc5 {[%emt 0:00:00]} Re4 {[%emt 0:00:00]} 45. b5 {[%emt 0:00:00]} g4 {[%emt 0:00:00]} 46. Rf5 {[%emt 0:00:00]} Rb4 {[%emt 0:00:00]} 47. Ke2 {[%emt 0:00:00]} Ke7 {[%emt 0:00:00]} 48. Kd3 {[%emt 0:00:00]} Ke6 {[%emt 0:00:00]} 49. Kc3 {[%emt 0:00:00]} Rb1 {[%emt 0:00:00]} 50. Rc5 {[%emt 0:00:00]} f5 {[%emt 0:00:00]} 51. Kc4 {[%emt 0:00:00]} Rb2 {[%emt 0:00:00]} 52. Rc6+ {[%emt 0:00:00]} Kd7 {[%emt 0:00:00]} 53. Rf6 {[%emt 0:00:00]} Rxf2 {[%emt 0:00:00]} 54. b6 {[%emt 0:04:19]} Kc8 {[%emt 0:00:00]} 55. Kd5 {[%emt 0:01:18]} Rf3 {[%emt 0:00:00]} 56. Kc5 Kd7 1/2-1/2

[Event "Top 12 FRA-chT 2017"]
[Site "Chartres"]
[Date "2017.05.26"]
[Round "9"]
[White "Stephan, Victor"]
[Black "Gharamian, Tigran"]
[Result "1/2-1/2"]
[WhiteElo "2365"]
[BlackElo "2626"]
[Annotator "TA"]
[PlyCount "78"]
[EventDate "2017.??.??"]
[EventType "team-tourn"]
[EventCountry "FRA"]
[SourceTitle "playchess.com"]
[Source "ChessBase"]
[SourceQuality "1"]
[WhiteTeam "Lisieux"]
[BlackTeam "Nice Alekhine"]

{[%evp 23,78,0,0,0,0,0,0,0,0,-16,0,-14,-19,-15,-5,-20,0,0,0,-50,-57,-50,-50,-52,-50,-39,-39,-130,-125,-143,-124,-125,-91,-91,-98,-109,-112,-150,0,-57,-68,-65,-68,-137,-129,-129,-119,-120,-50,-43,0,-59,-60,-61,-63,-64,0]} 1. d4 Nf6 2. c4 e6 3. Nc3 Bb4 4. Qc2 d5 5. cxd5 Qxd5 6. Nf3 Qf5 7. Qxf5 exf5 8. a3 Be7 9. Bf4 {E34: Nimzo-Indian: Classical: 4...d5} c6 10. h3 (10. e3 Be6 11. Nd2 Nbd7 12. Nc4 Bxc4 13. Bxc4 Nh5 14. Be5 O-O 15. h3 Nxe5 16. dxe5 g6 {1-0 (46) Gupta,A (2634)-Melkumyan,H (2633) London 2016}) 10... Nbd7 11. e3 Nb6 12. Bd3 Be6 {LiveBook: 3 Games} 13. O-O O-O 14. Rac1 g6 15. Rfd1 $146 ({Predecessor:} 15. Ne5 Nh5 16. Bh2 f6 17. Nf3 Bc4 18. Bxc4+ Nxc4 19. Rc2 Rfd8 20. Rfc1 Rac8 21. Nd2 Nb6 {½-½ (21) Carnic,S (2320)-Zivic,D (2270) Nis 1995}) 15... Rfe8 16. Bb1 Rac8 17. Ba2 Bxa2 18. Nxa2 Nfd5 19. Bh2 c5 20. dxc5 Bxc5 21. Nc3 {[#]} Nxe3 $1 {[%mdl 512]} 22. fxe3 Bxe3+ 23. Kh1 {Strongly threatening Rb1.} Bxc1 24. Rxc1 {[#]} Na4 $1 {[%mdl 512]} 25. Be5 (25. Rc2 $15) (25. Nxa4 Rxc1+) 25... Nxb2 $17 26. Rb1 Nd3 27. Bd4 b6 28. Nd5 Re2 29. Nf6+ {[#]} Kg7 $1 30. Nd7+ Kg8 (30... Kh6 $17 {...Rcc2 is the strong threat.} 31. Nde5 Nxe5 32. Bxe5 Rf2) 31. Nf6+ $15 Kf8 32. Nxh7+ Ke7 33. Nf6 ({White should play} 33. Bf6+ $1 $15 Ke8 34. Bg7) 33... Rc1+ 34. Rxc1 Nxc1 35. Nd5+ Kf8 ({Better is} 35... Kd6 $17 36. Nc3 Re7) 36. Be5 $1 Rf2 37. Bb8 (37. Bd6+ $11 Kg8 38. Nf6+ Kh8 39. Bf8 Rf1+ 40. Kh2) 37... Rf1+ {Black is slightly better.} 38. Kh2 Rd1 39. Nc7 a5 {Precision: White = 42%, Black = 61%.} (39... Ke7 $1 $15) 1/2-1/2

[Event "Top 12 FRA-chT 2017"]
[Site "Chartres"]
[Date "2017.05.26"]
[Round "9"]
[White "Nezar, Mustapha"]
[Black "Ider, Borya"]
[Result "0-1"]
[WhiteElo "2354"]
[BlackElo "2456"]
[Annotator "TA"]
[PlyCount "78"]
[EventDate "2017.??.??"]
[EventType "team-tourn"]
[EventCountry "FRA"]
[SourceTitle "playchess.com"]
[Source "ChessBase"]
[SourceQuality "1"]
[WhiteTeam "Vandoeuvre"]
[BlackTeam "Mulhouse Philidor"]

{[%evp 17,78,-14,-23,-25,-32,-35,-29,-84,-85,-103,-110,-111,-91,-75,56,66,34,22,200,0,0,0,20,-84,87,98,98,60,62,54,52,45,56,49,43,37,47,38,40,22,87,113,145,96,163,0,0,0,0,0,0,0,0,0,0,-5377,-2935,-6287,-5381,-29980,-29981,-29980,-29970]} 1. e4 e6 2. d4 d5 3. Nd2 h6 4. Ngf3 Nf6 5. Bd3 c5 6. dxc5 Bxc5 7. Qe2 O-O 8. O-O Nc6 9. a3 Qc7 {LiveBook: 5 Games} 10. c4 {C07: French Tarrasch: 3...c5, 4 Ngf3 and 4 exd5 Qxd5} Rd8 $146 ({Predecessor:} 10... dxe4 11. Nxe4 Nxe4 12. Bxe4 f5 13. Bxc6 Qxc6 14. b4 Qe4 15. Qa2 Bd4 16. Nxd4 Qxd4 17. Bb2 Qg4 {1-0 (35) Savic,M (2516)-Ider,B (2464) Kragujevac 2015}) 11. b4 Nd4 12. Qd1 (12. Nxd4 $1 $11 Bxd4 13. Ra2) 12... dxe4 $17 13. Nxe4 Ng4 $1 {( -> ...Nxf3+)} 14. Ned2 Nxf3+ 15. Nxf3 Nxf2 (15... Bd4 $17 16. Ra2 b5 $1 {[%mdl 512]} 17. cxb5 Bb7) 16. Rxf2 $14 Bxf2+ 17. Kxf2 Qd6 $2 (17... a5 $11 {and Black is okay.}) 18. Ke2 $2 ({Only move:} 18. Ra2 $1 $18) 18... e5 $11 19. Qc2 $1 Bg4 (19... f5 $5 20. c5 Qxd3+ 21. Qxd3 Rxd3 22. Kxd3 e4+ 23. Kd4 exf3 24. gxf3 Bd7 $11) 20. Be4 {[#]} (20. Be3 $11 {keeps the balance.}) 20... Rac8 $2 (20... Qd4 21. Bb2 $16) (20... f5 $1 $17 {[%cal Rf5e4] keeps the pressure on.} 21. Bd5+ (21. Bxb7 $2 e4 $19) 21... Kh8) 21. c5 $16 ({Don't go for} 21. Bxb7 $2 {[#]} e4 $1 $19 {[%mdl 512]}) 21... Qe6 22. h3 Bxf3+ $1 23. gxf3 Qxh3 24. Be3 Qh2+ 25. Bf2 Rd4 $1 26. Rd1 Rcd8 27. Rxd4 exd4 28. Kd3 Qh1 (28... Qh3 $11 {remains equal.}) 29. Kc4 {[%mdl 1024] White has strong compensation.} d3 30. Qd2 ({And not} 30. Bxd3 Qxf3 31. Bh7+ Kf8 $11) 30... Qh3 31. Bd4 $2 ({White should play} 31. Bxb7 $18 {And now c6 would win.} a5 32. c6 (32. bxa5 Qe6+ 33. Kb5 Qb3+ 34. Ka6 Re8 $18) 32... Qe6+ 33. Kb5 Qd5+ 34. Kb6) 31... Qe6+ $11 32. Kc3 Qa6 $1 $36 {[%cal Ra6a3][%mdl 2048] Black has some pressure.} 33. Qxd3 Qxa3+ 34. Kc4 Qa2+ 35. Kc3 a5 36. b5 $2 {[%mdl 8192]} (36. bxa5 $11 Qxa5+ 37. Kb3) 36... Qa1+ $19 37. Kc2 Rxd4 38. Qc3 Qa4+ 39. Kb2 Rb4+ {Precision: White = 43%, Black = 54%.} 0-1

[Event "Top 12 FRA-chT 2017"]
[Site "Chartres"]
[Date "2017.05.26"]
[Round "9"]
[White "Roos, Louis"]
[Black "Aflalo, Sophie"]
[Result "1/2-1/2"]
[WhiteElo "2346"]
[BlackElo "2135"]
[Annotator "NA"]
[PlyCount "105"]
[EventDate "2017.??.??"]
[EventType "team-tourn"]
[EventCountry "FRA"]
[SourceTitle "playchess.com"]
[Source "ChessBase"]
[SourceQuality "1"]
[WhiteTeam "Strasbourg"]
[BlackTeam "Tremblay-En-France"]
[TimeControl "40/5400+30:1800+30"]

1. Nf3 {[%emt 0:00:35]} Nf6 {[%emt 0:02:20]} 2. d4 {[%emt 0:01:13]} c5 {[%emt 0:01:58]} 3. dxc5 {[%emt 0:02:02]} Na6 {[%emt 0:01:05]} 4. Nc3 {[%emt 0:10:28]} Qa5 {[%emt 0:14:33]} 5. Bd2 {[%emt 0:13:29]} Qc7 {[%emt 0:04:25]} 6. e4 {[%emt 0:06:26]} Nxc5 {[%emt 0:06:23]} 7. e5 {[%emt 0:00:51]} Nfe4 {[%emt 0:04:14]} 8. Nd5 {[%emt 0:03:36]} Qd8 {[%emt 0:05:35]} 9. b4 {[%emt 0:06:15]} Nxd2 {[%emt 0:01:46]} 10. Qxd2 {[%emt 0:00:14]} Ne4 {[%emt 0:09:53]} 11. Qd4 {[%emt 0:07:10]} e6 {[%emt 0:00:52]} 12. Qxe4 {[%emt 0:05:18]} exd5 {[%emt 0:00:10]} 13. Qd4 {[%emt 0:13:09]} Be7 {[%emt 0:12:16]} 14. Bd3 {[%emt 0:03:34]} O-O {[%emt 0:00:09]} 15. O-O {[%emt 0:00:38]} d6 {[%emt 0:01:57]} 16. Qxd5 {[%emt 0:01:52]} dxe5 {[%emt 0:01:10]} 17. Qxe5 {[%emt 0:00:16]} g6 {[%emt 0:03:03]} 18. Rad1 {[%emt 0:00:43]} Bf6 {[%emt 0:00:54]} 19. Qf4 {[%emt 0:00:54]} Qb6 {[%emt 0:00:47]} 20. c4 {[%emt 0:01:31]} Bc3 {[%emt 0:00:15]} 21. a3 {[%emt 0:00:37]} a5 {[%emt 0:07:19]} 22. c5 {[%emt 0:05:31]} Qc6 {[%emt 0:00:34]} 23. Qc4 {[%emt 0:03:39]} axb4 {[%emt 0:00:04]} 24. axb4 {[%emt 0:00:02]} Qf6 {[%emt 0:03:14]} 25. Be4 {[%emt 0:01:08]} Ra4 {[%emt 0:00:26]} 26. Rb1 {[%emt 0:00:16]} Ra7 {[%emt 0:11:44]} 27. b5 {[%emt 0:02:32]} Be6 {[%emt 0:01:06]} 28. Bd5 {[%emt 0:00:11]} Ra4 {[%emt 0:03:02]} 29. Qxa4 {[%emt 0:00:37]} Bxd5 {[%emt 0:00:03]} 30. Qg4 {[%emt 0:00:33]} h5 {[%emt 0:00:28]} 31. Qg5 {[%emt 0:00:48]} Qxg5 {[%emt 0:01:36]} 32. Nxg5 {[%emt 0:00:08]} Rc8 {[%emt 0:00:00]} 33. c6 {[%emt 0:02:30]} bxc6 {[%emt 0:00:25]} 34. b6 {[%emt 0:01:04]} Rb8 {[%emt 0:00:48]} 35. Rfd1 {[%emt 0:02:00]} Bf6 {[%emt 0:01:44]} 36. Nf3 {[%emt 0:01:17]} Ba2 {[%emt 0:00:02]} 37. b7 {[%emt 0:03:13]} Bxb1 {[%emt 0:01:30]} 38. Rxb1 {[%emt 0:00:04]} Kf8 {[%emt 0:00:37]} 39. Nd2 {[%emt 0:00:15]} Ke7 {[%emt 0:00:24]} 40. Nc4 {[%emt 0:00:12]} Kd7 {[%emt 0:31:00]} 41. Na5 {[%emt 0:03:09]} Bc3 {[%emt 0:00:00]} 42. Nxc6 {[%emt 0:04:18]} Kxc6 {[%emt 0:00:00]} 43. Rc1 {[%emt 0:00:09]} Rxb7 {[%emt 0:00:00]} 44. Rxc3+ {[%emt 0:00:08]} Kd5 {[%emt 0:00:00]} 45. h4 {[%emt 0:00:20]} Ke5 {[%emt 0:00:00]} 46. Rc6 {[%emt 0:00:51]} Rb1+ {[%emt 0:00:00]} 47. Kh2 {[%emt 0:00:11]} Rb2 {[%emt 0:00:00]} 48. Kg3 {[%emt 0:00:23]} Rb3+ {[%emt 0:00:00]} 49. f3 {[%emt 0:00:24]} Rb2 {[%emt 0:00:00]} 50. f4+ {[%emt 0:01:25]} Ke4 {[%emt 0:00:00]} 51. Rf6 {[%emt 0:00:17]} Rb3+ {[%emt 0:00:00]} 52. Kh2 {[%emt 0:00:26]} Rb7 {[%emt 0:00:00]} 53. Kg3 {[%emt 0:02:02]} 1/2-1/2

[Event "Top 12 FRA-chT 2017"]
[Site "Chartres"]
[Date "2017.05.26"]
[Round "9"]
[White "Guichard, Pauline"]
[Black "Leconte, Maria"]
[Result "0-1"]
[WhiteElo "2312"]
[BlackElo "2174"]
[Annotator "TA"]
[PlyCount "94"]
[EventDate "2017.??.??"]
[EventType "team-tourn"]
[EventCountry "FRA"]
[SourceTitle "playchess.com"]
[Source "ChessBase"]
[SourceQuality "1"]
[WhiteTeam "Clichy"]
[BlackTeam "Saint Quentin"]

{[%evp 10,94,34,38,35,49,56,37,50,8,59,63,60,-10,101,99,105,105,187,105,593,607,594,484,473,481,903,337,326,322,321,327,274,193,1280,-5,-12,-18,-18,-3,0,-34,-50,-37,-43,-42,-43,-41,-34,-36,-22,-55,-51,-81,-58,-67,-31,-37,-33,-35,-3,-136,-137,-135,-59,-63,-57,-73,0,0,0,0,0,0,0,-12843,-12843,-12845,-12845,-12846,-12846,-12848,-12847,-12848,-12848,-12849,-12849]} 1. Nf3 d5 2. g3 Nc6 3. d4 Bf5 4. Bg2 Qd7 5. c4 e6 6. O-O {LiveBook: 6 Games. D02: 1 d4 d5 2 Nf3 sidelines, including 2...Nf6 3 g3 and 2...Nf6 3 Bf4} O-O-O (6... Rd8 7. Nc3 Nf6 8. Bg5 Be7 9. cxd5 Nxd5 10. Bxe7 Qxe7 11. Qb3 Qb4 12. Qxb4 Ndxb4 {1-0 (127) Radjabov,T (2710)-Deac,B (2543) Bastia 2016}) 7. Nc3 Nf6 8. Bg5 $146 {And now cxd5 would win.White is slightly better.} ({Predecessor:} 8. Qa4 a6 9. Bf4 Ne4 10. Rfc1 f6 11. Nb5 Nd6 12. Nxd6+ Bxd6 13. cxd5 exd5 14. Bxd6 Qxd6 {1-0 (36) Miles,A (2600)-Sagalchik,G (2515) Linares 1994}) 8... Be7 9. Rc1 Ne4 ({Black should play} 9... dxc4 $11 10. Qa4 Kb8) 10. Bxe7 $14 Qxe7 11. c5 (11. e3 $14) 11... e5 (11... h5 $11 {remains equal.}) 12. Nxe5 $16 Nxe5 13. dxe5 Qxe5 {[#]} (13... c6 $16 {might work better.}) 14. Qa4 (14. c6 $1 $18 {[%mdl 512]}) 14... Nxc5 $2 {[%mdl 8192]} (14... Nxc3 $16 {is a better chance.} 15. Rxc3 c6) 15. Qxa7 $18 Na6 16. Na4 {[%csl Ga7][%cal Ra4b6]} Rd6 17. Rfd1 Qxe2 (17... Be4 $142 18. Qa8+ Kd7 19. Qxh8 (19. Bh3+ Ke7 $18) 19... Bxg2 20. Kxg2 Qe4+ 21. Kg1 Qxa4 22. Qxg7 Kc8 23. Qxh7 Qe8) 18. Bxd5 $2 (18. Rxd5 Kd8 19. Rxd6+ cxd6 20. Qa8+ Ke7 21. Qxh8) 18... Qb5 19. Qa8+ ({Don't play} 19. Bxf7 Rhd8 $18) 19... Nb8 20. Nc5 {[%cal Rd5b7]} ({Stronger than} 20. Bxf7 Ra6 $11) 20... c6 21. a4 Qxb2 $2 (21... Qb4) 22. Be4 $2 ({Only move:} 22. Bb3 $18 Rd7 23. Nxd7 Bxd7 24. Rb1) 22... Bxe4 $11 23. Nxe4 Rxd1+ $1 24. Rxd1 {Strongly threatening Nd6+.} Qb4 25. Nd2 Qb6 26. Nc4 Qa6 $36 {[%mdl 2048] Black is pushing.} 27. Nd6+ Kc7 28. Qxa6 Nxa6 29. Nxf7 $15 {[%mdl 4096] Endgame KRN-KRN} Re8 30. Rd4 Re7 31. Ng5 h6 32. Nf3 b5 33. axb5 cxb5 34. Nd2 Rd7 35. Nb3 (35. Rxd7+ $11 {was the only way to keep the balance.} Kxd7 36. Kf1) 35... Rxd4 $17 36. Nxd4 {KN-KN} b4 (36... Kb6 $17 37. Kf1 Kc5 38. Ne6+ Kc4) 37. Kf1 $15 Nc5 38. Ke2 {[#]} g6 (38... Kd6 $1 $17 {Threatens to win with ...Kd5.} 39. Nf5+ Kd5) 39. f4 $11 Kd6 40. f5 gxf5 41. Nxf5+ Kd5 42. Nxh6 $2 {[%mdl 8192]} (42. Kd2 $11) 42... b3 $19 {[%cal Bb4b3,Bb3b2][%mdl 32] ( -> ...b2). Black is clearly winning.} 43. Kd2 Kc4 44. Nf5 {[#]} Ne4+ $1 45. Kd1 Kc3 46. Ne3 b2 47. Nd5+ Kb3 {Precision: White = 53%, Black = 41%.} 0-1

[Event "Top 12 FRA-chT 2017"]
[Site "Chartres"]
[Date "2017.05.26"]
[Round "9"]
[White "Coursaget, Nicolas"]
[Black "Palac, Mladen"]
[Result "1/2-1/2"]
[WhiteElo "2311"]
[BlackElo "2573"]
[Annotator "TA"]
[PlyCount "41"]
[EventDate "2017.??.??"]
[EventType "team-tourn"]
[EventCountry "FRA"]
[SourceTitle "playchess.com"]
[Source "ChessBase"]
[SourceQuality "1"]
[WhiteTeam "Lisieux"]
[BlackTeam "Nice Alekhine"]

{[%evp 27,28,0,0]} 1. d4 Nf6 2. c4 g6 3. g3 Bg7 4. Nf3 d5 5. cxd5 Nxd5 6. Bg2 Nb6 7. O-O Nc6 8. e3 O-O 9. Nc3 Re8 10. d5 Na5 11. Nd4 Bd7 12. b3 c6 13. e4 cxd5 {D76: Fianchetto Grünfeld: Main Line with 7...Nb6} 14. exd5 Rc8 {[#] LiveBook: 12 Games} {Predecessor:} 15. Qd3 $146 e5 16. Nde2 Bf5 17. Qb5 Nd7 18. b4 Nc4 19. Qxb7 a5 20. bxa5 Qxa5 21. Qb5 {0-1 (45) Vaganian,R (2623)-Shipov,S (2593) Sochi 2004} 1/2-1/2

[Event "Top 12 FRA-chT 2017"]
[Site "Chartres"]
[Date "2017.05.26"]
[Round "9"]
[White "Touzane, Olivier"]
[Black "Bachmann, Axel"]
[Result "0-1"]
[WhiteElo "2277"]
[BlackElo "2646"]
[Annotator "TA"]
[PlyCount "78"]
[EventDate "2017.??.??"]
[EventType "team-tourn"]
[EventCountry "FRA"]
[SourceTitle "playchess.com"]
[Source "ChessBase"]
[SourceQuality "1"]
[WhiteTeam "Montpellier"]
[BlackTeam "Bois-Colombes"]

{[%evp 12,78,50,32,53,20,35,14,17,15,21,14,21,20,44,0,0,-20,76,2,34,0,19,-16,10,-14,-12,-29,-35,-30,-9,-54,-44,-71,-56,-140,-44,-70,-60,-51,-57,-114,-87,-105,-116,-102,-92,-122,-83,-310,-277,-369,-338,-308,-293,-495,-442,-675,-577,-570,-567,-1252,-1240,-1477,-1438,-2414,-2347,-29984,-29985]} 1. d4 g6 2. e4 Bg7 3. Nf3 d6 4. Bc4 a6 5. a4 (5. Qe2 e6 6. c3 Nf6 7. Nbd2 Nc6 8. e5 dxe5 9. Nxe5 Nxe5 10. dxe5 Nd7 11. Nf3 h6 12. O-O b5 {1-0 (40) Ma,Q (2606)-Jones,G (2625) Auckland 2016}) 5... b6 6. O-O {B06: Modern Defence} e6 7. Qe2 {LiveBook: 5 Games} Bb7 8. Bb3 {White is slightly better.} Nf6 9. Nbd2 (9. d5 $5 {[%cal Rd5e6]}) 9... Nbd7 10. Rd1 $146 Qe7 11. c3 O-O 12. Bc2 e5 13. Re1 Rfe8 14. Qc4 c5 {[#]} (14... exd4 $11 15. cxd4 Rac8) 15. dxe5 (15. d5 $1 $16) 15... dxe5 16. Qb3 Reb8 17. Bd3 h6 18. Ra3 Ne8 19. h4 Nd6 20. c4 Bc6 21. Nf1 (21. h5 $5) 21... f5 22. exf5 gxf5 23. Bf4 (23. Ng3 $15 Qf6 24. Nh5) 23... e4 (23... Re8 $17 {...Qf8 is the strong threat.} 24. Bh2 e4) 24. Ng3 {Black must now prevent Bxd6.} Rf8 $36 {[%mdl 2048] aiming for ...Qf6. Black has the initiative.} 25. Bf1 Kh7 26. Nd2 ({White should play} 26. Qd1 $15 Nb7 27. Ra2) 26... Rab8 {[%cal Ba8b8,Bb8g8,Bg8g4][%mdl 32]} 27. Nh5 {[#]} Be5 $1 ({Stronger than} 27... Qxh4 28. Nxg7 Qxf4 29. Ne6 $16) 28. Qh3 Rg8 29. Rg3 Rxg3 30. fxg3 $2 (30. Bxg3 $17 Rg8 31. Bxe5 Nxe5 32. Nf4) 30... Rg8 $19 ({But not} 30... Bxa4 31. b3 $19) 31. b3 Bd4+ 32. Kh1 Ne5 33. Be2 $2 (33. Bxe5 {only move.} Bxe5 34. Be2) 33... Be8 34. Qh2 (34. Bxe5 $142 Qxe5 35. Nf1) 34... Ng4 35. Bxg4 Rxg4 36. Bxd6 Qxd6 37. Nf4 Bf2 38. Nxe4 fxe4 39. Qh3 Bd7 {Precision: White = 28%, Black = 52%.} 0-1

[Event "Top 12 FRA-chT 2017"]
[Site "Chartres"]
[Date "2017.05.26"]
[Round "9"]
[White "Le Corre, Benjamin"]
[Black "Burri, Quentin"]
[Result "1/2-1/2"]
[WhiteElo "2261"]
[BlackElo "2378"]
[Annotator "TA"]
[PlyCount "158"]
[EventDate "2017.??.??"]
[EventType "team-tourn"]
[EventCountry "FRA"]
[SourceTitle "playchess.com"]
[Source "ChessBase"]
[SourceQuality "1"]
[WhiteTeam "Vandoeuvre"]
[BlackTeam "Mulhouse Philidor"]

{[%evp 18,158,-11,-17,21,21,17,26,30,21,49,27,57,33,43,21,90,37,57,37,93,36,83,81,74,71,112,105,133,140,182,166,201,172,194,205,218,203,206,133,133,132,124,108,117,119,118,68,83,75,170,87,156,97,149,96,172,96,94,36,46,5,34,34,86,91,71,59,95,87,92,96,79,89,97,94,92,88,88,68,176,104,116,116,118,80,80,80,226,233,212,195,195,116,192,2,109,109,187,156,185,17,109,109,109,109,109,0,109,0,109,10,109,109,109,109,109,109,112,109,109,133,152,108,156,109,119,109,153,121,145,50,54,0,0,0,0,0,0,0,0,0,0]} 1. e4 c5 2. Nf3 e6 3. d4 cxd4 4. Nxd4 Nf6 5. Bd3 Nc6 6. Nxc6 bxc6 7. O-O d5 8. Nd2 {[%cal Bb1d2,Bd2f3,Bf3d4][%mdl 32]} Be7 9. Qe2 O-O 10. b3 {LiveBook: 29 Games} Bb4 {B40: Sicilian: 2...e6, Unusual lines} (10... Bb7 11. Bb2 c5 12. e5 Nd7 13. c4 a5 14. cxd5 Bxd5 15. Ne4 Re8 16. Rfd1 Qc7 17. Bb5 Red8 18. Nc3 {1-0 (58) Kovalev,V (2539)-Moiseenko,A (2692) Wroclaw 2014}) 11. e5 Nd7 12. Nf3 {Black must now prevent Bxh7+!} Be7 $146 {White has an edge.} ({Predecessor:} 12... h6 13. Bf4 Nc5 14. Qe3 Nxd3 15. cxd3 d4 16. Qe2 Qd5 17. Rac1 Ba6 18. Bd2 {1-0 (35) Rohonyan,K (2227)-Doluhanova,E (2207) Kramatorsk 2002}) 13. c4 Nc5 14. Bc2 a5 15. Nd4 Bb7 16. Rd1 Qe8 (16... Qc7 $11) 17. Rb1 (17. Qg4 $16) 17... Qc8 18. Ba3 Re8 (18... Qc7 $14) 19. Qe3 (19. cxd5 $16 {Hoping for d6.} cxd5 20. Rbc1 (20. Qh5 g6 $11)) 19... Nd7 20. Bxe7 $40 {[%mdl 128] White has strong attack.} Rxe7 21. cxd5 exd5 22. Nf5 Rxe5 23. Ne7+ Rxe7 24. Qxe7 {Threatens to win with Bf5.} Nf6 25. Rd3 Ba6 26. Rg3 Qe6 27. Qc5 Nd7 28. Qd4 {[%csl Gg3][%cal Rd4g7]} g6 29. Re3 Qd6 30. Rd1 Bb7 31. Qh4 Nf6 32. Bb1 c5 33. Qg3 Qc6 (33... Qxg3 $16 34. fxg3 (34. hxg3 Bc6 $16) 34... a4) 34. Ree1 (34. Re7 $18) 34... Kg7 (34... d4 $142) 35. Rc1 (35. Re7 $142) 35... Rd8 (35... Rc8 $142) 36. Bd3 (36. Re7 $142) 36... d4 (36... Rc8 $16) 37. f3 ({White should play} 37. h4 $18) 37... Qb6 $16 38. Bc4 (38. Re7 $16) 38... Bd5 $14 39. Red1 Qe6 (39... a4 $5) 40. Bd3 Qe7 ({Black should try} 40... Qb6 $14) 41. Re1 $16 Qa7 42. Qe5 a4 43. Qe7 Qxe7 44. Rxe7 axb3 45. axb3 Bxb3 46. Rxc5 Be6 {With the idea ...Nd7.} 47. Rb7 Nd7 48. Ra5 Kf6 (48... Rc8 $14) 49. g4 (49. Rbb5 $1 $18) 49... h6 50. h4 g5 51. hxg5+ hxg5 52. Rbb5 Rc8 (52... Rb8 $16) 53. Kf2 $18 ({Don't do} 53. Rxg5 $6 Rc3 $16) 53... Nb8 54. Bf5 Nc6 55. Bxe6 (55. Ra6 $18) 55... Kxe6 {[%mdl 4096] Endgame KRR-KRN} (55... fxe6 $16 {was necessary.} 56. Rc5 Ne7 57. Rxc8 (57. Rxg5 Rc2+ 58. Ke1 Nd5 $16) 57... Nxc8) 56. Rc5 $2 (56. Ra6 $1 $18) 56... f6 (56... Nxa5 $11 57. Rxc8 Nb7 58. Rc6+ Nd6) 57. Ra6 $16 Kd7 {[#]} (57... Kd6 $16 {was called for.} 58. Rf5 Ke7) 58. Rc4 $1 $18 Rc7 {[#]} 59. Ra1 $2 (59. Kg3 $1 $18) 59... Kd6 (59... Rb7 $1 $11 {remains equal.}) 60. Rac1 Kd5 61. Rc5+ Kd6 62. R5c4 Kd5 $1 63. Rc5+ Kd6 64. Rb5 (64. Rf5 $16 Rf7 65. Ra1) 64... Re7 (64... Na7 $11 65. Rxc7 Nxb5) 65. Rb6 $16 Rc7 66. Ke2 Kd5 67. Kd2 Kd6 68. Rc2 Kd5 69. Rb5+ Kd6 70. Rc4 Kd7 71. Rbc5 Kd6 72. Rc1 Kd7 73. Rf5 Ke6 74. Ke1 (74. f4 $16 gxf4 75. Rxf4) 74... Re7 $14 75. Kf2 (75. Rc4 $14) 75... Ne5 $11 {The position is equal.} 76. Ra1 {aiming for Ra6+.} Kf7 77. Ra6 Re6 78. Ra7+ Kg6 79. Ra5 d3 {Precision: White = 47%, Black = 40%.} 1/2-1/2